[Event "79th ARM-ch 1st League 2018"]
[Site "Yerevan"]
[Date "2018.08.18"]
[Round "9"]
[White "Mkrtchyan, Sargis R."]
[Black "Gharibyan, Mamikon"]
[Result "1/2-1/2"]
[WhiteElo "2239"]
[BlackElo "2341"]
[Annotator "TA"]
[PlyCount "124"]
[EventDate "2018.08.09"]
[EventType "tourn"]
[EventCountry "ARM"]
[SourceTitle "playchess.com"]
[Source "ChessBase"]
[SourceQuality "1"]

{[%evp 25,124,-20,-19,-26,-19,-26,-16,-24,-12,-26,-5,-15,-8,-16,49,32,27,28,48,34,78,80,75,104,69,0,0,0,0,0,32,33,45,0,0,0,0,0,0,-20,-16,-29,0,0,0,0,0,0,0,0,0,0,0,0,0,0,0,0,0,0,0,0,0,0,0,0,0,0,0,0,0,0,0,0,0,0,0,0,0,0,0,0,0,0,0,0,0,0,0,0,0,0,0,0,0,0,0,0,0,0,0]} 1. d4 Nf6 2. c4 e6 3. Nf3 b6 4. g3 Ba6 5. Qa4 Bb7 6. Bg2 c5 7. dxc5 bxc5 8. O-O Be7 9. Nc3 O-O 10. Rd1 Qb6 11. Bf4 d6 12. Rd2 Ne4 {E15: Queen's Indian: 4 g3 sidelines, 4 g3 Ba6 and 4 g3 Bb7 early deviations} (12... Rd8 13. Rad1 Na6 14. h3 Nc7 15. g4 Ne4 16. Nxe4 Bxe4 17. Qa3 Ne8 18. Ne1 Bxg2 19. Nxg2 Qc6 20. Bg3 {½-½ (51) Georgiev,K (2596)-Petrov,M (2439) Kozloduy 2018}) 13. Nxe4 Bxe4 {LiveBook: 3 Games} 14. Rad1 {[%cal Rf4d6]} e5 $1 {[%cal Re5f4] Black has an edge.} 15. Bg5 f6 16. Be3 Nc6 17. Nh4 $146 ({Predecessor:} 17. Ne1 Bxg2 18. Nxg2 f5 19. f3 Qc7 20. Bf2 {½-½ (61) Wessman,R (2245)-Bergstrom,C (2435) Stockholm 1987}) 17... Bxg2 18. Kxg2 f5 19. Rxd6 Bxd6 ({Better is} 19... Rac8 $11) 20. Rxd6 $14 Rac8 {And now ...f4 would win.} 21. Qd1 {Black must now prevent Nf3.} Kh8 22. Qd5 Nb4 23. Qxe5 Qb7+ 24. Nf3 Nc2 25. Rd5 (25. Bxc5 $14 Ne1+ 26. Kf1 Nxf3 27. exf3) 25... Rce8 $36 {[%mdl 2048] Black has the initiative.} 26. Qc3 Nxe3+ 27. fxe3 Qe7 28. Kf2 Rf6 29. Re5 Re6 30. Rxe6 Qxe6 {[%mdl 4096] Endgame KQR-KQN} 31. h4 Qf6 32. Qxf6 (32. Qd2 {is interesting.} Qd8 33. Qd3 Qe7 34. h5 g6 35. Qc3+) 32... gxf6 {KR-KN} 33. Ne1 Kg7 34. Nd3 {The position is equal.} Rc8 $1 35. Kf3 Kf7 36. b3 Ke6 37. Kf4 a5 38. Nb2 Re8 39. Kf3 Kd6 40. Na4 Kc6 41. Kf2 Rd8 42. Ke1 $1 Kd6 43. Nb2 Ke5 44. Nd3+ Ke4 45. Kf2 Rxd3 46. exd3+ Kxd3 {KP-KP} 47. Kf3 Kc3 {[#] ...Kb2 is the strong threat.} (47... Kc2 $5 48. e4 $8 fxe4+ 49. Kxe4 Kb2 $11) 48. e4 $1 {[%cal Re4f5]} fxe4+ 49. Kxe4 {Strongly threatening Kd5.} Kb2 50. Kd5 Kxa2 51. Kxc5 Kxb3 {K3P-K3P} 52. Kb5 a4 53. c5 a3 {[#] Threatens to win with ...a2.} 54. c6 {Hoping for c7.} a2 55. c7 a1=Q 56. c8=Q {KQ-KQ} Qf1+ 57. Kb6 Qf2+ 58. Kb5 Qe2+ 59. Kb6 Qe3+ 60. Kb5 Qd3+ 61. Kb6 Qd6+ 62. Qc6 Qxg3 {Precision: White = 79%, Black = 85%.} 1/2-1/2

[Event "79th ARM-ch 1st League 2018"]
[Site "Yerevan"]
[Date "2018.08.18"]
[Round "9"]
[White "Hoghmrtsyan, Artur"]
[Black "Mikaelyan, Arman"]
[Result "1/2-1/2"]
[WhiteElo "2157"]
[BlackElo "2496"]
[Annotator "TA"]
[PlyCount "91"]
[EventDate "2018.08.09"]
[EventType "tourn"]
[EventCountry "ARM"]
[SourceTitle "playchess.com"]
[Source "ChessBase"]
[SourceQuality "1"]

{[%evp 9,91,41,45,27,53,8,16,12,35,35,35,35,37,35,41,36,32,34,33,30,36,-13,0,0,24,0,20,27,87,0,0,0,0,0,0,0,0,0,-5,-8,0,0,0,0,0,0,0,0,0,0,18,0,0,0,0,0,0,0,0,4,53,62,87,71,112,8,16,16,22,16,19,25,27,0,0,0,8,8,8,0,0,0,8,0]} 1. d4 Nf6 2. c4 b6 3. f3 Bb7 4. e4 e6 5. Bd3 Nc6 6. Be3 $146 {A50: Queen's Fianchetto Defence (1 d4 Nf6 2 c4 b6)} ({Predecessor:} 6. Ne2 Nb4 7. Nbc3 Nxd3+ 8. Qxd3 d6 9. O-O Be7 10. Be3 O-O 11. Rad1 c6 12. b4 {½-½ (46) Baryshpolets,A (2544)-Kovalenko,I (2656) Lutsk 2015}) 6... e5 7. Ne2 (7. d5 {is interesting.} Nb4 8. Ne2 Nxd3+ 9. Qxd3 Be7 10. Nbc3) 7... exd4 8. Nxd4 Bc5 (8... Bb4+ {looks sharper.} 9. Nd2 Nxd4 10. Bxd4 Qe7 11. O-O Bc5) 9. Nxc6 Bxc6 10. Bxc5 bxc5 11. O-O O-O 12. Nc3 d6 13. f4 Re8 {[%cal Rf6e4]} 14. Qc2 Ng4 {[#] ...Ne3 is the strong threat.} 15. Rf3 f5 16. h3 Nf6 {[%cal Rf5e4]} 17. Re3 Nh5 18. Qf2 Qf6 (18... g5 $11) 19. exf5 (19. Rae1 $16) 19... Rxe3 $11 20. Qxe3 Re8 21. Qf2 Qd4 22. Bf1 Qxf4 23. Qxf4 Nxf4 24. Rd1 Kf7 25. Kf2 Re5 26. g3 Nh5 27. Bd3 Nf6 28. Re1 Rxe1 29. Kxe1 {[%mdl 4096] Endgame KBN-KBN} Bg2 30. Bf1 Bxf1 31. Kxf1 {KN-KN} c6 32. Ke2 Ke7 33. g4 Nd7 34. b3 Kf6 35. Ne4+ Ke5 36. Ng5 d5 37. Ke3 (37. Nxh7 $16 {With the idea Ng5.} Kf4 38. Kd2) 37... g6 38. Nf3+ Kf6 $1 39. fxg6 hxg6 40. Kf4 Nf8 41. g5+ Ke6 $1 {The position is equal.} 42. h4 a5 43. Ne5 Kd6 44. Nf7+ Ke7 45. Ne5 Kd6 46. Nf7+ {Precision: White = 59%, Black = 50%.} 1/2-1/2

[Event "79th ARM-ch 1st League 2018"]
[Site "Yerevan"]
[Date "2018.08.18"]
[Round "9"]
[White "Martirosyan, Garik"]
[Black "Poghosyan, Suren"]
[Result "0-1"]
[WhiteElo "2145"]
[BlackElo "2301"]
[Annotator "TA"]
[PlyCount "74"]
[EventDate "2018.08.09"]
[EventType "tourn"]
[EventCountry "ARM"]
[SourceTitle "playchess.com"]
[Source "ChessBase"]
[SourceQuality "1"]

{[%evp 18,74,46,0,17,6,22,-3,0,0,0,0,0,0,8,0,0,0,0,0,13,10,16,12,22,17,9,4,74,39,29,0,0,-22,-20,-50,-18,-66,116,126,158,-252,-261,-254,-254,-247,-236,-365,-345,-368,-371,-552,-531,-604,-574,-601,-583,-568,-502]} 1. d4 Nf6 2. c4 c5 3. d5 b5 4. cxb5 a6 5. bxa6 g6 6. Nc3 {A58: Wolga/Benkö-Gambit} Bg7 7. Nf3 O-O 8. e4 (8. g3 d6 9. Bg2 Nxa6 10. O-O Bf5 11. Nh4 Bd7 12. b3 Qb6 13. Bd2 Rfb8 14. Re1 Nc7 15. Qc2 Ra3 16. Qc1 Qa7 17. e4 Ng4 18. h3 {0-1 (38) Li,C (2732)-Shankland,S (2671) Liaocheng 2018}) 8... Qa5 9. Bd2 Bxa6 10. Bxa6 {LiveBook: 58 Partien} Qxa6 11. Qe2 d6 12. h3 Nbd7 13. Qxa6 Rxa6 14. Kd1 Nb6 15. Kc2 Rb8 $146 ({Vorgänger:} 15... Nc4 16. Bc1 Rb8 17. Nd2 Na5 {1-0 (40) Belotti,B (2430)-Tatai,S (2395) Saint Vincent 1998}) 16. Rhe1 Nc4 17. Bc1 Nd7 18. b3 Na3+ 19. Bxa3 $1 Rxa3 20. Nd2 Nb6 21. Ndb1 $1 {[%cal Rb1a3]} Ra6 22. a4 e6 (22... c4 $11 23. b4 Nd7) 23. dxe6 fxe6 24. Ra2 (24. Ra3 $142) 24... Nd7 $11 25. Na3 Ne5 $36 {[%mdl 2048] Schwarz steht aktiver.} 26. Ncb5 Nc6 {Mit der Idee ...Sb4+.} (26... c4 $5 27. bxc4 Rxa4 $15) 27. Kb1 c4 $2 (27... Nb4 $15 {behält die Oberhand.} 28. Rd2 c4 $1 {[%mdl 512]}) 28. Nxc4 $16 Nb4 29. Ncxd6 $2 (29. Nbxd6 $16 {ist erzwungen, um die Oberhand zu behalten. Und e5 würde nun gewinnen.} Nd3 30. Re3 Rxb3+ 31. Kc2 Rc3+ 32. Kd2) 29... Nxa2 $19 30. Kxa2 {Droht stark e5.} Be5 31. Rd1 {[#]} Rbb6 $1 32. Ka3 (32. Nc4 $142 Rxb5 33. Rd8+ Kg7 34. Rd7+ Kh6 35. h4) 32... Bxd6+ 33. Nxd6 Rxd6 34. Rxd6 (34. Ra1 {war einen Versuch wert.}) 34... Rxd6 {Schwarz steht klar auf Gewinn.} 35. a5 Kf7 36. b4 Ke7 37. b5 Kd7 {Precision: Weiß = 31%, Schwarz = 55%.} 0-1

[Event "79th ARM-ch 1st League 2018"]
[Site "Yerevan"]
[Date "2018.08.18"]
[Round "9"]
[White "Sargsyan, Tigran R."]
[Black "Harutyunian, Tigran K."]
[Result "1/2-1/2"]
[WhiteElo "2136"]
[BlackElo "2504"]
[Annotator "TA"]
[PlyCount "102"]
[EventDate "2018.08.09"]
[EventType "tourn"]
[EventCountry "ARM"]
[SourceTitle "playchess.com"]
[Source "ChessBase"]
[SourceQuality "1"]

{[%evp 24,102,8,8,16,8,8,10,21,25,18,23,46,4,10,6,0,12,4,0,0,0,16,0,0,0,42,0,37,23,65,45,60,16,46,41,64,64,65,64,64,64,64,62,185,185,183,5,5,5,5,5,5,0,0,0,0,0,0,0,0,0,0,0,0,0,0,0,0,0,0,0,0,0,0,0,0,0,0,0,0]} 1. d4 Nf6 2. c4 e6 3. Nf3 d5 4. g3 Bb4+ 5. Nbd2 O-O 6. Bg2 b6 7. O-O Bb7 8. Ne5 Nbd7 9. Qa4 {E16: Damenindisch (Hauptfortsetzung mit Lb4)} (9. Nxd7 Qxd7 10. a3 Be7 11. cxd5 exd5 12. Nf3 Bd6 13. Bf4 Bxf4 14. gxf4 c5 15. e3 Qe7 16. dxc5 bxc5 17. Qc2 Rac8 18. Qf5 Rfd8 {½-½ (33) Eljanov,P (2757)-Vitiugov,N (2718) Novi Sad 2016}) 9... Bxd2 10. Bxd2 Nxe5 11. dxe5 Nd7 12. Bc3 Nc5 13. Qc2 {LiveBook: 3 Partien} dxc4 14. Bxb7 Nxb7 15. Rfd1 {[#]} Qb8 $146 ({Vorgänger:} 15... Qe8 16. Qe4 Nc5 17. Qxc4 {½-½ (42) Zimmermann,U (2271)-Votava,J (2528) Austria 2014}) 16. Qa4 c5 17. Qxc4 Rd8 18. a4 Qc7 19. b4 Rxd1+ 20. Rxd1 Rd8 21. Rd3 Rxd3 22. exd3 Qc6 23. Qb5 Qc8 24. Qc4 Qc6 25. Qb5 (25. Qa6 {is interesting.} cxb4 26. Qxa7 h6 27. Bxb4 Qc1+ 28. Kg2) 25... Qxb5 (25... Qc8 {looks sharper.}) 26. axb5 $11 {[%mdl 4096] Endspiel KL-KS} Kf8 27. Kg2 Ke7 28. f4 Kd7 29. Kf3 h5 30. h3 g6 31. g4 hxg4+ 32. hxg4 Kc7 33. d4 Kd7 (33... cxb4 $14 34. Bxb4 Na5) 34. bxc5 $18 bxc5 35. dxc5 $2 {[#]} (35. Ke4 $18) 35... Nxc5 $11 {Die Stellung ist ausgeglichen.} 36. Bd4 Na4 $1 37. Kg3 Nb6 38. Kh4 Nd5 $1 39. Bxa7 Nc3 $1 40. b6 Kc8 $1 41. Kg5 {[#] Droht Kf6 und aus.} Nd5 $1 42. Kh6 {Schwarz muss nun Kg7 beachten.} Nxf4 43. Kg7 Nd3 $1 44. Kf6 {zielt auf g5 ab.} g5 $1 45. Kxf7 Nxe5+ 46. Kxe6 Nxg4 47. Kf5 Ne3+ 48. Kxg5 Kb7 49. Kf4 Nc4 50. Ke4 Nxb6 51. Bxb6 Kxb6 {Precision: Weiß = 57%, Schwarz = 56%.} 1/2-1/2

[Event "79th ARM-ch 1st League 2018"]
[Site "Yerevan"]
[Date "2018.08.19"]
[Round "10"]
[White "Hakobyan, Aram"]
[Black "Mkrtchyan, Sargis R"]
[Result "1-0"]
[WhiteElo "2545"]
[BlackElo "2239"]
[Annotator "TA"]
[PlyCount "61"]
[EventDate "2018.08.09"]
[EventType "tourn"]
[EventCountry "ARM"]
[SourceTitle "playchess.com"]
[Source "ChessBase"]
[SourceQuality "1"]

{[%evp 18,61,-6,-18,-11,-12,55,56,51,53,53,59,107,83,139,137,202,185,218,227,222,222,222,217,211,257,248,245,247,251,243,245,250,238,250,179,402,402,408,408,408,408,403,393,391,388]} 1. e4 c5 2. Nc3 Nc6 3. Nge2 g6 4. g3 Bg7 5. Bg2 e5 6. d3 Nge7 {B24: Closed Sicilian: 3 g3 sidelines} 7. f4 (7. Bg5 d6 8. Nd5 h6 9. Be3 Nxd5 10. exd5 Nd4 11. Nc1 O-O 12. c3 Nf5 13. Bd2 Ne7 14. Ne2 Bf5 15. Be3 Qd7 16. Qd2 Bh3 17. Bxh3 Qxh3 {½-½ (39) Shen,Y (2479)-Dzagnidze,N (2525) Teheran 2017}) 7... d6 8. Be3 Nd4 9. O-O Be6 10. Qd2 {LiveBook: 7 Games} Qd7 11. Rf2 d5 $146 ({Better is} 11... O-O $11) ({Predecessor:} 11... O-O 12. Re1 Rae8 13. Nc1 f5 14. Nd1 b6 15. c3 Ndc6 16. fxe5 Nxe5 17. Bf4 Nf7 18. Ne3 fxe4 19. Nf1 exd3 20. Qxd3 g5 21. Bd2 Ne5 22. Rxf8+ Rxf8 {0-1 (22) Cosovic,I (2059)-Kosanovic,D (2322) Belgrade 2014}) 12. fxe5 $14 Nxe2+ 13. Nxe2 {[%cal Bc3e2,Be2f4,Bf4d5,Bd5f6][%mdl 32]} ({But not} 13. Rxe2 $2 d4 $19) 13... d4 14. Bh6 Bxe5 15. Raf1 Nc6 ({Black should play} 15... Ng8) 16. Nf4 $16 Nd8 (16... Bxf4 $16 17. Bxf4 (17. Qxf4 O-O-O $16) 17... h5) 17. Nd5 Nc6 18. Bg5 f5 {[#]} 19. Nf6+ $1 Bxf6 20. Bxf6 O-O 21. Qg5 Qf7 22. exf5 Qxf6 23. Qxf6 Rxf6 24. fxe6 Rxf2 25. Rxf2 $18 {[%mdl 4096] Endgame KRB-KRN} ({Not} 25. Kxf2 Rf8+ 26. Ke2 Rxf1 $14) 25... Re8 26. Rf7 Re7 $2 {[#]} (26... Rxe6 27. Rxb7 Nb4) 27. Bxc6 {White is winning.} Rxe6 28. Rxb7 Rxc6 29. Rxa7 c4 30. Rb7 cxd3 31. cxd3 {Precision: White = 98%, Black = 37%.} 1-0

[Event "79th ARM-ch 1st League 2018"]
[Site "Yerevan"]
[Date "2018.08.19"]
[Round "10"]
[White "Harutyunian, Tigran K"]
[Black "Babujian, Levon"]
[Result "1-0"]
[WhiteElo "2504"]
[BlackElo "2459"]
[Annotator "ChessBase"]
[PlyCount "97"]
[EventDate "2018.08.09"]
[EventType "tourn"]
[EventCountry "ARM"]
[SourceTitle "playchess.com"]
[Source "ChessBase"]
[SourceQuality "1"]
[TimeControl "40/5400+30:1800+30"]

1. d4 {[%emt 0:00:00]} d5 {[%emt 0:00:00]} 2. Nf3 {[%emt 0:00:06]} Nf6 {[%emt 0:00:00]} 3. c4 {[%emt 0:00:08]} e6 {[%emt 0:00:17]} 4. Nc3 {[%emt 0:00:54]} Bb4 {[%emt 0:00:08]} 5. g3 {[%emt 0:02:51]} O-O {[%emt 0:02:30]} 6. Bg2 {[%emt 0:00:14]} dxc4 {[%emt 0:00:13]} 7. O-O {[%emt 0:00:16]} Nc6 {[%emt 0:02:30]} 8. Qa4 {[%emt 0:02:17]} a6 {[%emt 0:07:42]} 9. Rd1 {[%emt 0:32:03]} Nd5 {[%emt 0:07:08]} 10. Qc2 {[%emt 0:02:23]} Be7 {[%emt 0:01:18]} 11. e4 {[%emt 0:04:21]} Ndb4 {[%emt 0:01:37]} 12. Qe2 {[%emt 0:00:19]} Nd3 {[%emt 0:00:48]} 13. Be3 {[%emt 0:00:54]} f5 {[%emt 0:05:33]} 14. exf5 {[%emt 0:06:37]} exf5 {[%emt 0:00:22]} 15. d5 {[%emt 0:04:11]} Ncb4 {[%emt 0:07:32]} 16. a3 {[%emt 0:02:41]} f4 {[%emt 0:08:18]} 17. gxf4 {[%emt 0:03:02]} Nxd5 {[%emt 0:02:04]} 18. Nxd5 {[%emt 0:01:00]} Qxd5 {[%emt 0:00:05]} 19. b3 {[%emt 0:01:37]} Qe4 {[%emt 0:08:43]} 20. Qc2 {[%emt 0:13:52]} Nc5 {[%emt 0:03:39]} 21. Qc3 {[%emt 0:01:32]} Qf5 {[%emt 0:07:37]} 22. b4 {[%emt 0:03:26]} Nb3 {[%emt 0:04:36]} 23. Qxc4+ {[%emt 0:01:15]} Be6 {[%emt 0:00:41]} 24. Qxc7 {[%emt 0:00:04]} Nxa1 {[%emt 0:00:38]} 25. Qxe7 {[%emt 0:01:03]} Nc2 {[%emt 0:00:51]} 26. Ng5 {[%emt 0:03:46]} Rae8 {[%emt 0:02:01]} 27. Qxb7 {[%emt 0:01:07]} Rd8 {[%emt 0:00:18]} 28. Rc1 {[%emt 0:00:47]} Bd5 {[%emt 0:00:56]} 29. Qxa6 {[%emt 0:04:48]} Bxg2 {[%emt 0:01:09]} 30. Kxg2 {[%emt 0:00:15]} Qg4+ {[%emt 0:03:36]} 31. Kh1 {[%emt 0:00:02]} Rd1+ {[%emt 0:02:30]} 32. Rxd1 {[%emt 0:00:07]} Qxd1+ {[%emt 0:00:07]} 33. Kg2 {[%emt 0:00:02]} Qd5+ {[%emt 0:04:04]} 34. Kg3 {[%emt 0:01:07]} Ra8 {[%emt 0:05:09]} 35. Qe2 {[%emt 0:01:40]} Nxa3 {[%emt 0:02:26]} 36. Bc5 {[%emt 0:00:52]} Nc4 {[%emt 0:03:05]} 37. Qe7 {[%emt 0:00:10]} Nd2 {[%emt 0:02:07]} 38. Bd4 {[%emt 0:00:54]} Ne4+ {[%emt 0:06:01]} 39. Qxe4 {[%emt 0:00:32]} Ra3+ {[%emt 0:00:05]} 40. f3 {[%emt 0:00:00]} Qxe4 {[%emt 0:00:00]} 41. Nxe4 {[%emt 0:01:00]} Rb3 {[%emt 0:00:48]} 42. Bc5 {[%emt 0:00:13]} Kf7 {[%emt 0:02:19]} 43. f5 {[%emt 0:00:26]} g6 {[%emt 0:01:49]} 44. f6 {[%emt 0:00:59]} Ke6 {[%emt 0:00:22]} 45. b5 {[%emt 0:00:27]} h6 {[%emt 0:00:46]} 46. b6 {[%emt 0:00:37]} Rb1 {[%emt 0:00:34]} 47. Bd4 {[%emt 0:00:59]} g5 {[%emt 0:00:55]} 48. b7 {[%emt 0:00:11]} h5 {[%emt 0:00:45]} 49. Nxg5+ {[%emt 0:00:16]} 1-0

[Event "79th ARM-ch 1st League 2018"]
[Site "Yerevan"]
[Date "2018.08.19"]
[Round "10"]
[White "Mikaelyan, Arman"]
[Black "Sargsyan, Tigran R"]
[Result "1/2-1/2"]
[WhiteElo "2496"]
[BlackElo "2136"]
[Annotator "ChessBase"]
[PlyCount "122"]
[EventDate "2018.08.09"]
[EventType "tourn"]
[EventCountry "ARM"]
[SourceTitle "playchess.com"]
[Source "ChessBase"]
[SourceQuality "1"]
[TimeControl "40/5400+30:1800+30"]

1. d4 {[%emt 0:00:00]} d5 {[%emt 0:00:00]} 2. c4 {[%emt 0:00:02]} c6 {[%emt 0:00:00]} 3. Nf3 {[%emt 0:00:05]} Nf6 {[%emt 0:00:00]} 4. Qb3 {[%emt 0:00:05]} dxc4 {[%emt 0:00:14]} 5. Qxc4 {[%emt 0:00:05]} Bf5 {[%emt 0:00:05]} 6. g3 {[%emt 0:00:30]} e6 {[%emt 0:00:25]} 7. Bg2 {[%emt 0:00:06]} Nbd7 {[%emt 0:00:05]} 8. O-O {[%emt 0:00:20]} Be7 {[%emt 0:00:20]} 9. e3 {[%emt 0:00:08]} O-O {[%emt 0:00:10]} 10. Qe2 {[%emt 0:00:16]} Qc7 {[%emt 0:01:47]} 11. Rd1 {[%emt 0:02:38]} e5 {[%emt 0:01:04]} 12. h3 {[%emt 0:00:27]} exd4 {[%emt 0:13:20]} 13. Nxd4 {[%emt 0:00:26]} Be4 {[%emt 0:02:59]} 14. Nc3 {[%emt 0:03:12]} Bxg2 {[%emt 0:00:35]} 15. Kxg2 {[%emt 0:00:13]} Rfe8 {[%emt 0:02:54]} 16. b3 {[%emt 0:01:17]} Qa5 {[%emt 0:03:29]} 17. Bb2 {[%emt 0:01:12]} Ba3 {[%emt 0:05:10]} 18. Bxa3 {[%emt 0:01:09]} Qxa3 {[%emt 0:04:48]} 19. g4 {[%emt 0:00:10]} Qa5 {[%emt 0:02:39]} 20. Rac1 {[%emt 0:03:09]} Nb6 {[%emt 0:10:42]} 21. Nf5 {[%emt 0:02:44]} Nbd5 {[%emt 0:11:40]} 22. Nxd5 {[%emt 0:00:24]} Nxd5 {[%emt 0:00:24]} 23. Qb2 {[%emt 0:00:18]} f6 {[%emt 0:02:17]} 24. Rd4 {[%emt 0:02:34]} Rad8 {[%emt 0:05:35]} 25. b4 {[%emt 0:00:41]} Qb6 {[%emt 0:02:02]} 26. Kg1 {[%emt 0:02:39]} Re5 {[%emt 0:08:10]} 27. Qb3 {[%emt 0:05:39]} g6 {[%emt 0:03:28]} 28. Ng3 {[%emt 0:00:13]} Rde8 {[%emt 0:02:01]} 29. Rc5 {[%emt 0:04:55]} Kg7 {[%emt 0:07:05]} 30. Qc4 {[%emt 0:08:02]} R8e7 {[%emt 0:03:38]} 31. Ne2 {[%emt 0:21:39]} Nc7 {[%emt 0:01:53]} 32. Nc3 {[%emt 0:06:18]} Rxc5 {[%emt 0:02:24]} 33. bxc5 {[%emt 0:00:14]} Qa5 {[%emt 0:00:45]} 34. h4 {[%emt 0:07:49]} Nb5 {[%emt 0:01:18]} 35. Re4 {[%emt 0:02:59]} Rxe4 {[%emt 0:00:37]} 36. Nxe4 {[%emt 0:00:04]} Qd8 {[%emt 0:00:42]} 37. g5 {[%emt 0:02:25]} fxg5 {[%emt 0:01:08]} 38. Nxg5 {[%emt 0:01:21]} Qd1+ {[%emt 0:01:11]} 39. Kh2 {[%emt 0:00:37]} Qd5 {[%emt 0:01:11]} 40. Qf4 {[%emt 0:00:00]} h6 {[%emt 0:00:00]} 41. Ne4 {[%emt 0:06:32]} Qf5 {[%emt 0:16:58]} 42. Kg3 {[%emt 0:00:36]} b6 {[%emt 0:08:13]} 43. a4 {[%emt 0:02:06]} Qxf4+ {[%emt 0:01:26]} 44. Kxf4 {[%emt 0:00:04]} Na3 {[%emt 0:00:07]} 45. Ke5 {[%emt 0:17:13]} Nc4+ {[%emt 0:01:37]} 46. Ke6 {[%emt 0:01:55]} Nb2 {[%emt 0:00:29]} 47. Nc3 {[%emt 0:06:04]} Nd3 {[%emt 0:02:20]} 48. cxb6 {[%emt 0:01:03]} axb6 {[%emt 0:00:06]} 49. Kd6 {[%emt 0:00:08]} g5 {[%emt 0:04:26]} 50. hxg5 {[%emt 0:01:02]} h5 {[%emt 0:00:11]} 51. Kxc6 {[%emt 0:06:49]} Nxf2 {[%emt 0:00:31]} 52. Kxb6 {[%emt 0:00:21]} h4 {[%emt 0:00:07]} 53. Ne2 {[%emt 0:02:22]} h3 {[%emt 0:01:08]} 54. Ng3 {[%emt 0:00:31]} h2 {[%emt 0:00:16]} 55. a5 {[%emt 0:02:05]} Kg6 {[%emt 0:00:31]} 56. a6 {[%emt 0:02:51]} Kxg5 {[%emt 0:00:05]} 57. a7 {[%emt 0:00:24]} Kg4 {[%emt 0:00:05]} 58. Nh1 {[%emt 0:00:38]} Nxh1 {[%emt 0:00:05]} 59. a8=Q {[%emt 0:00:03]} Ng3 {[%emt 0:00:16]} 60. Qg8+ {[%emt 0:00:46]} Kf3 {[%emt 0:00:50]} 61. Qd5+ {[%emt 0:00:11]} Kxe3 {[%emt 0:00:50]} 1/2-1/2

[Event "79th ARM-ch 1st League 2018"]
[Site "Yerevan"]
[Date "2018.08.19"]
[Round "10"]
[White "Sargsyan, Shant"]
[Black "Hoghmrtsyan, Artur"]
[Result "1-0"]
[WhiteElo "2472"]
[BlackElo "2157"]
[Annotator "ChessBase"]
[PlyCount "127"]
[EventDate "2018.08.09"]
[EventType "tourn"]
[EventCountry "ARM"]
[SourceTitle "playchess.com"]
[Source "ChessBase"]
[SourceQuality "1"]
[TimeControl "40/5400+30:1800+30"]

1. Nf3 {[%emt 0:00:27]} Nf6 {[%emt 0:00:07]} 2. c4 {[%emt 0:00:43]} e6 {[%emt 0:00:09]} 3. g3 {[%emt 0:00:13]} d5 {[%emt 0:00:11]} 4. Bg2 {[%emt 0:00:25]} dxc4 {[%emt 0:00:27]} 5. Qa4+ {[%emt 0:01:09]} c6 {[%emt 0:00:47]} 6. Qxc4 {[%emt 0:00:28]} b5 {[%emt 0:00:26]} 7. Qb3 {[%emt 0:01:47]} Bb7 {[%emt 0:01:39]} 8. O-O {[%emt 0:01:26]} a6 {[%emt 0:04:58]} 9. a4 {[%emt 0:01:25]} Nbd7 {[%emt 0:05:52]} 10. d4 {[%emt 0:00:47]} c5 {[%emt 0:03:54]} 11. axb5 {[%emt 0:02:52]} Bd5 {[%emt 0:00:32]} 12. Qd1 {[%emt 0:05:05]} axb5 {[%emt 0:00:20]} 13. Rxa8 {[%emt 0:00:04]} Qxa8 {[%emt 0:01:36]} 14. Bg5 {[%emt 0:02:28]} b4 {[%emt 0:07:18]} 15. Bxf6 {[%emt 0:08:38]} Nxf6 {[%emt 0:00:57]} 16. Qd3 {[%emt 0:00:38]} c4 {[%emt 0:10:37]} 17. Qc2 {[%emt 0:02:19]} Be7 {[%emt 0:13:49]} 18. Nbd2 {[%emt 0:00:43]} b3 {[%emt 0:00:39]} 19. Qb1 {[%emt 0:02:40]} O-O {[%emt 0:00:54]} 20. Rc1 {[%emt 0:00:26]} Rc8 {[%emt 0:02:34]} 21. Ne1 {[%emt 0:03:55]} Qa4 {[%emt 0:08:03]} 22. e4 {[%emt 0:07:32]} Bb7 {[%emt 0:00:17]} 23. Nef3 {[%emt 0:01:48]} Nd7 {[%emt 0:08:41]} 24. Bf1 {[%emt 0:01:32]} Nb6 {[%emt 0:01:32]} 25. Ne5 {[%emt 0:02:23]} Ba6 {[%emt 0:00:42]} 26. Qa1 {[%emt 0:06:19]} Bb4 {[%emt 0:12:06]} 27. Nxb3 {[%emt 0:02:52]} cxb3 {[%emt 0:02:51]} 28. Bxa6 {[%emt 0:00:09]} Qxa1 {[%emt 0:07:14]} 29. Rxa1 {[%emt 0:00:13]} Ra8 {[%emt 0:00:14]} 30. Nd3 {[%emt 0:01:18]} Be7 {[%emt 0:00:44]} 31. Nc1 {[%emt 0:04:17]} e5 {[%emt 0:02:30]} 32. dxe5 {[%emt 0:01:08]} Nd7 {[%emt 0:00:05]} 33. Nxb3 {[%emt 0:00:22]} Nxe5 {[%emt 0:00:20]} 34. f4 {[%emt 0:21:28]} Rb8 {[%emt 0:00:35]} 35. fxe5 {[%emt 0:00:52]} Rxb3 {[%emt 0:00:05]} 36. Bc4 {[%emt 0:00:10]} Bc5+ {[%emt 0:01:15]} 37. Kh1 {[%emt 0:00:27]} Rb8 {[%emt 0:00:10]} 38. Rf1 {[%emt 0:02:45]} Rb7 {[%emt 0:00:17]} 39. e6 {[%emt 0:04:59]} fxe6 {[%emt 0:00:05]} 40. Bxe6+ {[%emt 0:00:00]} Kh8 {[%emt 0:00:00]} 41. Rf5 {[%emt 0:01:53]} Bd6 {[%emt 0:04:11]} 42. Rd5 {[%emt 0:07:59]} Rb6 {[%emt 0:02:34]} 43. Rd2 {[%emt 0:01:26]} g6 {[%emt 0:00:52]} 44. Bc4 {[%emt 0:00:59]} Kg7 {[%emt 0:01:33]} 45. Kg2 {[%emt 0:00:07]} Kf6 {[%emt 0:04:50]} 46. b3 {[%emt 0:00:15]} h5 {[%emt 0:00:44]} 47. h4 {[%emt 0:01:21]} Rc6 {[%emt 0:01:05]} 48. Kf3 {[%emt 0:01:41]} Rb6 {[%emt 0:01:17]} 49. Rd5 {[%emt 0:01:40]} Rc6 {[%emt 0:01:06]} 50. Rb5 {[%emt 0:02:05]} Bc7 {[%emt 0:00:58]} 51. Rd5 {[%emt 0:05:04]} Bd6 {[%emt 0:00:13]} 52. g4 {[%emt 0:00:12]} hxg4+ {[%emt 0:00:16]} 53. Kxg4 {[%emt 0:00:01]} Rb6 {[%emt 0:00:32]} 54. Kf3 {[%emt 0:01:57]} Rc6 {[%emt 0:01:37]} 55. Ke3 {[%emt 0:00:48]} Be5 {[%emt 0:04:01]} 56. Ke2 {[%emt 0:03:43]} Rc7 {[%emt 0:01:50]} 57. Kf3 {[%emt 0:00:26]} Rh7 {[%emt 0:02:16]} 58. Kg4 {[%emt 0:00:16]} Rc7 {[%emt 0:00:23]} 59. Rd8 {[%emt 0:00:21]} Rc5 {[%emt 0:01:27]} 60. Rf8+ {[%emt 0:00:58]} Ke7 {[%emt 0:00:21]} 61. Rf7+ {[%emt 0:01:47]} Kd6 {[%emt 0:00:13]} 62. Kg5 {[%emt 0:01:09]} Bg3+ {[%emt 0:00:26]} 63. Bd5 {[%emt 0:00:05]} Rc1 {[%emt 0:02:58]} 64. Rf6+ {[%emt 0:00:17] Kxd5} 1-0